书目信息 |
| 题名: |
化学纤维纺织品
|
|
| 作者: | 上海纺织品采购供应站 , 化学纤维纺织品编写小组 | |
| 分册: | ||
| 出版信息: | 北京 中国财政经济出版社 1976 |
|
| 页数: | 86页 | |
| 开本: | 20cm | |
| 丛书名: | ||
| 单 册: | ||
| 中图分类: | TS15 | |
| 科图分类: | ||
| 主题词: | 化学纤维纺织 | |
| 电子资源: | ||
| ISBN: | ||
| 000 | 00767nam0 2200205 450 | |
| 001 | 0633404515 | |
| 005 | 20061124092030.78 | |
| 010 | @dCNY0.27 | |
| 100 | @a20061124d1976 km y0chiy0120 ea | |
| 101 | 0 | @achi |
| 102 | @aCN@b110000 | |
| 200 | 1 | @a化学纤维纺织品@Ahua xue xian wei fang zhi pin@f上海纺织品采购供应站,化学纤维纺织品编写小组@Fshang hai fang zhi pin cai gou gong ying zhan,hua xue xian wei fang zhi pin bian xie xiao zu |
| 210 | @a北京@c中国财政经济出版社@d1976 | |
| 215 | @a86页@d20cm | |
| 606 | 0 | @a化学纤维纺织 |
| 690 | @aTS15@v3 | |
| 701 | 0 | @a上海纺织品采购供应站@Ashang hai fang zhi pin cai gou gong ying zhan |
| 701 | 0 | @a化学纤维纺织品编写小组@Ahua xue xian wei fang zhi pin bian xie xiao zu |
| 801 | 0 | @aCN@bPFT@c20061124 |
| 905 | @a10447@dTS15@e1 | |
| 化学纤维纺织品/上海纺织品采购供应站,化学纤维纺织品编写小组.-北京:中国财政经济出版社,1976 |
| 86页;20cm |
| ISBN :CNY0.27 |
| ● |
| 相关链接 |
|
|
|
|
正题名:化学纤维纺织品
索取号:TS15/1
 
预约/预借
| 序号 | 登录号 | 条形码 | 馆藏地/架位号 | 状态 | 备注 |
| 1 | 0017381 | 001476619 | 第二样本阅览室/ [索取号:TS15/1] | 在馆 |